<?xml version="1.0" encoding="UTF-8"?>
<record
    xmlns:xsi="http://www.w3.org/2001/XMLSchema-instance"
    xsi:schemaLocation="http://www.loc.gov/MARC21/slim http://www.loc.gov/standards/marcxml/schema/MARC21slim.xsd"
    xmlns="http://www.loc.gov/MARC21/slim">

  <leader>01479nam a2200205 a 4500</leader>
  <controlfield tag="001">ASIN0471395684</controlfield>
  <controlfield tag="005">20150910141017.0</controlfield>
  <controlfield tag="008">150910s2000    xxu                 eng d</controlfield>
  <datafield tag="020" ind1=" " ind2=" ">
    <subfield code="a">0471395684 (hardcover)</subfield>
    <subfield code="c">$239.00</subfield>
  </datafield>
  <datafield tag="020" ind1=" " ind2=" ">
    <subfield code="a">9780471395683 (hardcover)</subfield>
  </datafield>
  <datafield tag="245" ind1="1" ind2="0">
    <subfield code="a">Organic reactions /</subfield>
    <subfield code="c">Larry E. Overman.</subfield>
  </datafield>
  <datafield tag="250" ind1=" " ind2=" ">
    <subfield code="a">Volume 56 ed.</subfield>
  </datafield>
  <datafield tag="260" ind1=" " ind2=" ">
    <subfield code="a">[S.l.] :</subfield>
    <subfield code="b">Wiley,</subfield>
    <subfield code="c">2000.</subfield>
  </datafield>
  <datafield tag="300" ind1=" " ind2=" ">
    <subfield code="a">686 p. ;</subfield>
    <subfield code="c">24 cm.</subfield>
  </datafield>
  <datafield tag="490" ind1="1" ind2=" ">
    <subfield code="a">Volume 56.</subfield>
  </datafield>
  <datafield tag="520" ind1=" " ind2=" ">
    <subfield code="a">Organic Reactions is a comprehensive series of volumes devoted to important synthetic reactions. For each volume, the authors are world-renowned experts with extensive hands-on experience in the field. The subjects are presented from the preparative viewpoint, and particular attention is given to limitations, interfering influences, effects of structure, and the selection of experimental techniques. Each chapter includes detailed procedures illustrating the significant modifications of the chemical reaction, as well as tables listing all the pertinent examples of the reaction. The topics discussed in Volume 56 are the Hydroformylation reaction and the Vilsmeier reactions of non-aromatic compounds. Each reaction is presented with information about the reaction conditions, products, and yields where available, and is fully referenced to the primary literature.</subfield>
  </datafield>
  <datafield tag="700" ind1="1" ind2=" ">
    <subfield code="a">Overman, Larry E.</subfield>
  </datafield>
  <datafield tag="830" ind1=" " ind2="0">
    <subfield code="a">Volume 56.</subfield>
  </datafield>
  <datafield tag="856" ind1="4" ind2="0">
    <subfield code="3">Amazon.com</subfield>
    <subfield code="u">http://www.amazon.com/exec/obidos/ASIN/0471395684/chopaconline-20</subfield>
  </datafield>
  <datafield tag="999" ind1=" " ind2=" ">
    <subfield code="c">2048</subfield>
    <subfield code="d">2048</subfield>
  </datafield>
  <datafield tag="952" ind1=" " ind2=" ">
    <subfield code="0">0</subfield>
    <subfield code="1">0</subfield>
    <subfield code="7">0</subfield>
    <subfield code="8">NFIC</subfield>
    <subfield code="a">IC</subfield>
    <subfield code="b">IC</subfield>
    <subfield code="c">GEN</subfield>
    <subfield code="d">2015-09-10</subfield>
    <subfield code="h">Volume 56</subfield>
    <subfield code="l">0</subfield>
    <subfield code="o">547.20 ORG</subfield>
    <subfield code="p">003997</subfield>
    <subfield code="r">2015-11-30 00:00:00</subfield>
    <subfield code="w">2015-09-10</subfield>
    <subfield code="y">REF</subfield>
  </datafield>
  <datafield tag="952" ind1=" " ind2=" ">
    <subfield code="0">0</subfield>
    <subfield code="1">0</subfield>
    <subfield code="7">0</subfield>
    <subfield code="8">NFIC</subfield>
    <subfield code="a">IC</subfield>
    <subfield code="b">IC</subfield>
    <subfield code="c">GEN</subfield>
    <subfield code="d">2023-02-13</subfield>
    <subfield code="h">Volume 58</subfield>
    <subfield code="l">0</subfield>
    <subfield code="o">547.20 ORG</subfield>
    <subfield code="p">003760</subfield>
    <subfield code="r">2023-02-13 00:00:00</subfield>
    <subfield code="w">2023-02-13</subfield>
    <subfield code="y">REF</subfield>
  </datafield>
</record>
